[Event "Fouesnant op 09th"]
[Site "Fouesnant"]
[Date "2003.10.29"]
[Round "7"]
[White "Westrick, Erik"]
[Black "Riviere, Jean Pierre"]
[Result "1-0"]
[WhiteElo "1590"]
[BlackElo "1980"]
[PlyCount "39"]
[EventDate "2003.10.25"]
[EventType "swiss"]
[EventRounds "9"]
[EventCountry "FRA"]
[SourceTitle "EXT 2006"]
[Source "ChessBase"]
[SourceDate "2005.11.24"]
[SourceVersion "1"]
[SourceVersionDate "2005.11.24"]
[SourceQuality "1"]

1. d4 d6 2. c4 e5 3. dxe5 dxe5 4. Qc2 Nc6 5. Bd2 Be6 6. e3 Qd7 7. Nf3 0-0-0 8. Be2 Nf6 9. 0-0 Bc5 10. a3 e4 11. Ng5 Bf5 12. b4 Be7 13. Nxf7 Bxb4 14. Nxd8 Bxd2 15. Nxc6 Bxe3 16. fxe3 bxc6 17. Qa4 Kb8 18. Rd1 Qe8 19. Nc3 Qg6 20. Rab1+ 1-0

[Event "Fouesnant op 09th"]
[Site "Fouesnant"]
[Date "2003.10.26"]
[Round "3"]
[White "Michel, Florent"]
[Black "Riviere, Jean Pierre"]
[Result "1/2-1/2"]
[WhiteElo "1260"]
[BlackElo "1980"]
[PlyCount "111"]
[EventDate "2003.10.25"]
[EventType "swiss"]
[EventRounds "9"]
[EventCountry "FRA"]
[SourceTitle "EXT 2006"]
[Source "ChessBase"]
[SourceDate "2005.11.24"]
[SourceVersion "1"]
[SourceVersionDate "2005.11.24"]
[SourceQuality "1"]

1. e4 d6 2. d4 Nf6 3. Nc3 c6 4. Nf3 Bg4 5. Be2 e6 6. d5 cxd5 7. exd5 exd5 8. Nxd5 Qa5+ 9. Nc3 Ne4 10. Qd5 Qxd5 11. Nxd5 Kd7 12. Ne5+ dxe5 13. Bxg4+ Kd8 14. Bf3 Nd6 15. Bg5+ Kc8 16. Bg4+ f5 17. Ne7+ Bxe7 18. Bxe7 fxg4 19. Bxd6 Nc6 20. 0-0-0 Re8 21. Rhe1 e4 22. Bf4 Re7 23. Bg5 Re5 24. Bh4 b6 25. Rd6 Ne7 26. Bg3 Rd5 27. Rxe4 Rxd6 28. Bxd6 Nf5 29. Re8+ Kb7 30. Rxa8 Kxa8 31. Be5 g6 32. a4 Kb7 33. b4 Nh4 34. Bg3 Nxg2 35. Kd1 g5 36. Ke2 a6 37. Kf1 Nf4 38. Bxf4 gxf4 39. Kg2 Kc6 40. c4 a5 41. bxa5 bxa5 42. f3 h5 43. fxg4 hxg4 44. h4 gxh3+ 45. Kxh3 Kc5 46. Kg4 Kxc4 47. Kxf4 Kb4 48. Ke3 Kxa4 49. Kd2 Kb3 50. Kc1 Ka2 51. Kc2 a4 52. Kc1 Ka1 53. Kc2 Ka2 54. Kc1 Kb3 55. Kb1 a3 56. Ka1 1/2-1/2